| 000 | 01207nam0a2200301 4500 | ||
|---|---|---|---|
| 001 | RU\NLR\bibl\1353787 | ||
| 005 | 20250615174522.0 | ||
| 010 |
_a978-5-93093-619-3 _91000 |
||
| 035 | _a(NLR Aleph) 001338851 | ||
| 090 |
_a847785 _c847785 |
||
| 100 | _a20081126d2008 |||y0rusy50 ca | ||
| 101 | 1 |
_arus _cger |
|
| 102 | _aRU | ||
| 105 | _aa ||||||||| | ||
| 200 | 1 |
_aОсновные положения по проектированию пассивных домов _fВольфганг Файст _gпер. с нем. с доп. под ред. А.Е. Елохова |
|
| 210 |
_aМосква _cИзд-во АСВ _d2008 |
||
| 215 |
_a143 с. _cцв. ил. _d24 |
||
| 300 | _aНа обл. авт.: д-р В. Файст | ||
| 313 | _aэнергоэффективный дом | ||
| 320 | _aБиблиогр.: с. 84-87 | ||
| 606 | 1 |
_aОтопление _xЭнергосбережение _92404717 _3RU\NLR\auth\661433194 |
|
| 686 | _aН762.1-06-420.7 | ||
| 700 | 1 |
_aФайст _bВ. _gВольфганг _4070 |
|
| 801 | 0 |
_aRU _bNLR _c20081126 _gRCR |
|
| 801 | 1 |
_aRU _bNLR _c20081126 |
|
| 942 | _cBOOK | ||
| 980 | _aNB | ||